Datum a čas kvízu

28.5 Celkem bodů Celkový počet nahraných bodů na tomto kvízu bez doplňovacích otázek.
10. Pořadí na kvízu Konečné umístění týmu na tomto kvízu.

Zaznamenané odpovědi

# Otázka Odpověď Body Výsledky
1. Česká vláda ve středu schválil... Morava, Dyje 0
2. V pondělí začalo největší nábo... v Indii 1
3. Jedno české hudební vydavatels... Supraphon, Sony (Music Entertainment) 0
4. V úterý vzlétla do vesmíru pom... A) TROLL 1
5. Kterému týmu se minulý týden p... Buffalo Sabres 0
6. Který legendární řemeslník pos... Daidalos 1
7. Labyrint je specializovaný org... D 1
8. Labyrinty jsou oblíbeným motiv... Piet Mondrian 0
9. Která kost lebky obsahuje kost... kost spánková 0
10. Jak se jmenuje kniha, která by... Labyrint světa a ráj srdce 1